Lan Yu /

Đã lưu trong:
Chi tiết về thư mục
Tác giả chính: Zhang, Yadong (Nhà soạn nhạc)
Tác giả khác: Kwan, Stanley (Giám đốc), Liu, Ye (Diễn viên), Su, Jin (Diễn viên), Ngai, Jimmy (Người viết kịch bản), Hu, Jun (Diễn viên), Zhang, Jian (Nhiếp ảnh gia), Tao, Yang (Nhiếp ảnh gia)
Định dạng: Slide
Ngôn ngữ:Tiếng Trung
Được phát hành: [Campi Bisenzio] : Dolmen home video [distributore], [2004]
Loạt:Queer
Các nhãn: Thêm thẻ
Không có thẻ, Là người đầu tiên thẻ bản ghi này!

MARC

LEADER 00000ngm a22000007i 4500
001 IT\ICCU\RAV\1354794
003 ItRI
005 20260124182850.0
008 050810s2004 it |||||||||||||||k|||||c
024 3 1 |a 8032700990383 
028 4 2 |a PSV8037 
040 |b ita 
041 7 |a chi  |2 ISO-639-2 
082 |a 791.43  |9 CINEMA  |2 19 
130 0 |a Lan yu <film ; 2001>  |3 IT\ICCU\RAV\1354859 
245 0 0 |a Lan Yu /  |c un film di Stanley Kwan ; scritto da Jimmy Ngai ; musica originale di Zhang Yadong ; basato sul racconto Beijing story di Beijing Comrade. 
260 |a [Campi Bisenzio] :  |b Dolmen home video [distributore],  |c [2004] 
300 |a 1 DVD-Video (86 min) :  |b color, sonoro ;  |c 12 cm 
500 |a Caratteristiche tecniche: regione 2: sistema e formato video: PAL, 1.33:1, 4:3; Dolby digital 2.0 
500 |a Titolo del contenitore 
500 |a Produzione cinematografica Hong Kong 2001 
500 |a Interpreti: Hu Jun, Liu Ye, Su Jin, Li Huatong 
500 |a Lingue: in lingua originale cantonese con sottotitoli in italiano 
500 |a Contiene: filmografie, galleria fotografica 
500 |a Vietato ai minori di 18 anni 
700 1 |a Kwan, Stanley  |0 IT\ICCU\RAVV\435158  |4 drt 
700 1 |a Liu, Ye  |0 IT\ICCU\RAVV\435168  |4 act 
700 1 |a Su, Jin  |0 IT\ICCU\RAVV\435169  |4 act 
700 1 |a Ngai, Jimmy  |0 IT\ICCU\RAVV\435172  |4 sce 
700 1 |a Zhang, Yadong  |0 IT\ICCU\RAVV\435173  |4 cmp 
700 1 |a Hu, Jun  |0 IT\ICCU\RMSV\027910  |4 act 
700 1 |a Zhang, Jian  |0 IT\ICCU\RMSV\038916  |4 pht 
700 1 |a Tao, Yang  |0 IT\ICCU\RMSV\103820  |4 pht 
790 1 |a Chang, Chien  |3 IT\ICCU\TO0V\436706  |z Zhang, Jian 
830 0 |a Queer  |0 IT\ICCU\UBO\2667501 
942 |2 ddc  |c VM  |n 0 
952 |0 0  |1 0  |4 0  |6 VO_1284_000000000000000  |7 0  |9 27227  |a BO  |b BO  |d 2026-01-24  |i 9883  |l 0  |o VO 1284  |p BO9883  |r 2026-01-24 18:28:50  |w 2026-01-24  |x [Sebina 5] [1 DVD]  |y VM  |z 1 DVD 
952 |0 0  |1 0  |4 0  |6 VO_1385_000000000000000  |7 0  |9 27228  |a BO  |b BO  |d 2026-01-24  |i 10762  |l 0  |o VO 1385  |p BO10762  |r 2026-01-24 18:28:50  |w 2026-01-24  |x [Sebina 5] [1 dvd]  |y VM  |z 1 dvd 
999 |c 23050  |d 23050